Fuzzy sets and fuzzy logic : the foundations of application--from a mathematical point of view

Αποθηκεύτηκε σε:
Λεπτομέρειες βιβλιογραφικής εγγραφής
Κύριος συγγραφέας: Gottwald, Siegfried
Μορφή: Βιβλίο
Γλώσσα:English
Δημοσίευση: Wiesbaden : Verlag Vieweg : Vieweg, c1993
Σειρά:Artificial intelligence (Braunschweig, Germany)
Θέματα:
Ετικέτες: Προσθήκη ετικέτας
Δεν υπάρχουν, Καταχωρήστε ετικέτα πρώτοι!

MARC

LEADER 00000nam a2200000 i 4500
001 1/57363
008 951116s1993 eng d
020 |a 3-528-05311-9 
035 |a 1995  |c ΔΑΡΖΕΝΤΑΣ  |l 10045726 
040 |a GR-MY-UA  |b gre  |e aacr 
041 0 |a eng 
082 0 |a 511.32 
100 1 |a Gottwald, Siegfried. 
245 1 0 |a Fuzzy sets and fuzzy logic :  |b the foundations of application--from a mathematical point of view /  |c Siegfried Gottwald 
260 |a Wiesbaden :   |b Verlag Vieweg : Vieweg,   |c c1993 
300 |a 216 p.;  |b ill.;  |c 23 cm. 
490 1 |a Artificial intelligence 
500 |a Includes bibliographical references and index 
650 0 0 |a Fuzzy sets. 
650 0 0 |a Fuzzy logic. 
830 0 |a Artificial intelligence (Braunschweig, Germany) 
852 |a INST  |b SAMOS  |e 19951116  |h 511.32 GOT  |p 005300004900  |q 005300004900  |t BK  |y 0 
909 |a Σ  |b 040938